00297nam a2200133Ia 45000030006000000080041000060400015000471000015000622450016000772600033000933000006001265460014001320050017001460STCL150530s9999 xx 000 0 und d aSTCLcSTCL aNair. T.K. aChudukannir bB.V. Books; Trivandrumc1942 a0 aMalayalam20220125170706.0